| 000 | 00596nam a22002177a 4500 | ||
|---|---|---|---|
| 003 | OSt | ||
| 005 | 20140507143313.0 | ||
| 008 | 130211t xxu||||| |||| 00| 0 eng d | ||
| 020 | _a9710832980 | ||
| 050 |
_aMT 6 _b.R58 1987 |
||
| 100 | _aRivadelo, Rosita F. | ||
| 245 |
_aMusic education : _bmaterials & methods _cRosita F. Rivadelo. |
||
| 260 |
_aMetro Manila : _bNational Book Store, _cc1987. |
||
| 300 |
_axi, 255 p. : _b ill. ; _c23 cm. |
||
| 521 | _aEDUC | ||
| 526 | _c1210L-1700l | ||
| 562 | _e1 | ||
| 650 |
_aMusic _xstudy and teaching |
||
| 942 |
_2lcc _cBK _kFIL |
||
| 999 |
_c18247 _d18247 |
||